00517nam a2200193 a 4500001001300000003000900013005001700022008004100039020001000080082001300090100001600103245005800119260005000177300000900227500003500236505001000271650002600281700001600307nice12345678IN_TiNIC20260116011634.0050524s1926 cama grp 000 0 eng  ac10000a231bMOZ aMozley, J K aImpassibility of Godb a Survey of Christian Thought. aCambridge bCambridge University Press c1926 a187p aincludes index and biblioraphy2 aIndex aGod-Biblical Teaching1 aMozley, J K